Word Ladder: Distance Measurements Quiz Stats

 Plays Quiz Updated Jul 8, 2014

Support Sporcle.
Go Orange.
Score 0/15 Timer 01:30
0 Plays Today
Hint 4-Letter Word % Correct
What you eatFOOD
95.7%
Not softHARD
95.7%
Unit of measuring distanceFOOT
90.2%
38th U.S. presidentFORD
89.5%
Unit of measuring distanceYARD
87.9%
A heavy fiber for knittingYARN
86.4%
Permanent army postFORT
84.9%
Smelly gasFART
83.5%
Hint 4-Letter Word % Correct
Tell someone of impending doomWARN
82.4%
Unit of measuring distanceMILE
80.7%
Male deerHART
74.9%
Result of combustionFIRE
73.6%
Collection of papersFILE
68.9%
A thin piece of flexible metalWIRE
68.8%
Article of merchandiseWARE
67.8%

Today's Daily Dose

Missing Word
1961 Movies A-Z

Word Ladder
Study Light

Get the Picture
Bread and Butter

You're not logged in!

Compare scores with friends on all Sporcle quizzes.
OR
Log In

From the Vault

Either/Or in 30: Authors

by MSUKent

Getting these authors mixed up might earn you a few weird looks.
Remove Ads.
Support Sporcle.
Get the best of Sporcle when you Go Orange. This ad-free experience offers more features, more stats, and more fun while also helping to support Sporcle. Thank you for becoming a member.

Show Comments

Extras

Top Quizzes Today


Score Distribution

Your Account Isn't Verified!

In order to create a playlist on Sporcle, you need to verify the email address you used during registration. Go to your Sporcle Settings to finish the process.

Report this User

Report this user for behavior that violates our Community Guidelines.

Details: